000 00381nam a22001697a 4500
003 UA-OsUOA
001 3323
007 ta
008 20050721b un ||||| |||| 00| 0 ukr d
100 _aDescartes
700 _aR.
942 _cBK
040 _aUA-OsUOA
_cUA-OsUOA
_dUA-OsUOA
245 _aDiscours de la methode Les passions de l'ame.
_bFrench
955 _a2
650 7 _2UDC
999 _c289485
_d289485